00381nam a2200145Ia 4500008004100000100001400041245004700055260003800102300001400140650003000154650001000184650001800194700001200212700001100224220216s9999 xx 000 0 und d aHolkamp D 0aMicroanalysis of flaws in rubber compounds bKautschuk Gummi Kunststoffec1991 a1007-1010 aFlaws in Rubber chemicals aLAMMA aMicroanalysis aBayer G aHolm R